| 000 | 01477nem0a2200313 4500 | ||
|---|---|---|---|
| 001 | RU\NLR\BIBL_A\022666140 | ||
| 005 | 20260409065143.0 | ||
| 035 | _a(NLR Aleph) 022666140 | ||
| 090 |
_a13470458 _c13470458 |
||
| 100 | _a20251114d1932 m y0rusy50 ca | ||
| 101 | 0 | _aukr | |
| 102 | _aRU | ||
| 120 | _abyy xx|| | ||
| 123 | 1 |
_aa _b504000 |
|
| 200 | 1 |
_aАдмiнiстративна карта Киïвской области _bКарты _fСклад. Й.Й. Фiало; Ред. П.Р. Тимошок |
|
| 206 | _a1:504 000, [ок. 5 км в 1 см] | ||
| 210 |
_aКиïв _cВид-во Всеукраïнськоi Академii наук _d1932 |
||
| 215 |
_a1 к. _cцв. _d102х82 см |
||
| 300 | _aУкр. | ||
| 327 | 1 | _aДоп карты: УССР. Киïвска облась у складi УССР; Районування та спецiялiзацiя сiльского господарства Киïвской области; Природнi райони Киïвской области. | |
| 509 | 0 |
_8rus _aКиевская _hобласть _eУкраина _7ca _3RU\NLR\AUTH\5509758 _92672551 |
|
| 607 |
_aКиевская область (Украина) _jКарты _91173723 _3RU\NLR\AUTH\66153736 |
||
| 608 |
_aАдминистративные карты _3RU\NLR\AUTH\667834 _9901648 |
||
| 702 | 1 |
_aТимошок _bП.Р. _4340 |
|
| 702 | 1 |
_aФiало _bЙ.Й. _4220 |
|
| 852 |
_aNLR _bК _j4-Укр 4/53 _m3721 _t50464 |
||
| 942 | _cMAP | ||
| 980 | _aNB | ||